| 000 | 00586nam a2200181 i 4500 | ||
|---|---|---|---|
| 001 | 51915 | ||
| 003 | ES-MaACL | ||
| 005 | 20250731063028.0 | ||
| 007 | t| | ||
| 008 | 030820s1878 fr ||||1| fre d | ||
| 100 | 1 |
_aDarwin, Charles, _d1809-1882 _942770 |
|
| 245 | 1 | 4 |
_aLes récifs de corail / _cpar Charles Darwin ; traduit par M.L. Cosserat. |
| 260 |
_aParis : _bGermer Baillière et Cie, _c1878 ( _fGeorges Chamerot) |
||
| 300 |
_aXX, 347 p., 2 lám. pleg. : _bil. ; _c22 cm. |
||
| 700 | 1 |
_aCosserat, M. L. _941011 |
|
| 852 |
_aES-MaACL _jB-1697 |
||
| 999 |
_c51915 _d51915 |
||